000 01232cad a22002655a 4500
001 L145197
008 080915s2008 xxkdo f 000 0 eng d
035 _a(Sirsi) u145197
041 0 _aeng
050 0 4 _a306.1 $2 18
100 1 _aDavis, Sarah
245 0 0 _aHousing and the economy
_h[electronic resource]
260 _aCoventry
_bCIH
_c2008
505 2 _aWho is this briefing paper for? -- The policy context for housing and economic development -- Developing a framework -- Making it work
520 _aPolicy paper that aims to support local authorities and partners in forging strong and effective links between the housing and economic agendas. The authors also propose a framework that would develop and integrate strategies to maximise the effectiveness of their impacts at local; sub regional and regional levels.
521 _aAdvanced
590 _aKA
651 4 _aUnited Kingdom
_y
690 _aPROPERTY-RESIDENTIAL PROPERTY-RESIDENTIAL PROPERTY MARKET
700 1 _aSimpson, Merron
700 1 _aWilley, Martin
710 1 _aEast Midlands Development Agency
_94153
856 4 0 _uhttps://www.cih.org/policy/free-publications.htm
_zView the item free of charge online at www.cih.org.uk...
942 _n0
999 _c108722
_d108722